LEADER 01974nam0 22003973i 450 001 SBL0262694 005 20251003044351.0 020 $aIT$b6412400 100 $a20200603d1964 ||||0itac50 ba 101 | $aita 102 $ait 181 1$6z01$ai $bxxxe 182 1$6z01$an 183 1$6z01$anc$2RDAcarrier 200 1 $aSaggi sull'economia urbanistica$fFrancesco Forte 210 $aNapoli$cMorano$dstampa 1964 215 $a379 p., [1] c. di tav. ripieg.$d25 cm. 225 | $aCollana di studi di politica economica e finanziaria$fCentro italiano di studi finanziari$v3 410 0$1001SBL0262693$12001 $aCollana di studi di politica economica e finanziaria$fCentro italiano di studi finanziari$v3$171202$aCentro italiano di studi finanziari$3CFIV138886 606 $aUrbanistica e economia$2FIR$3SBLC008352$9I 676 $a330$9SCIENZE ECONOMICHE$v20 676 $a330$9ECONOMIA$v21 676 $a330.91732$9SITUAZIONI E CONDIZIONI ECONOMICHE. Regioni urbane$v23 676 $a711.14$9ASPETTI PROCEDURALI E SOCIALI DELL'URBANISTICA. FATTORI ECONOMICI RIGUARDANTI LA PIANIFICAZIONE$v23 696 $aEconomia$aUrbanistica 699 $aUrbanistica e economia$xEconomia$xUrbanistica 700 1$aForte$b, Francesco$f <1929-2022>$3CFIV032683$4070$01071535 801 3$aIT$bIT-000000$c20200603 850 $aIT-BN0095 $aIT-AV0004 901 $bNAP DV$cS. MODERNA$n$ 901 $bNAP 01$cPOZZO LIB.$nVi sono collocati fondi di economia, periodici di ingegneria e scienze, periodici di economia e statistica e altri fondi comprendenti documenti di economia pervenuti in dono. 912 $aSBL0262694 950 0$aBiblioteca Centralizzata di Ateneo$c1 v.$d 01POZZO LIB.F. PARRAVICINI 595$e 0101 0600168505E VMA 1 v. (Precedente collocazione P. 993)$fB $h20050930$i20231109 977 $a 01$a DV 996 $aSaggi sull'economia urbanistica$93578611 997 $aUNISANNIO